000 00666nam a2200229Ia 4500
003 OSt
005 20220926035119.0
006 a|||||r|||| 00| 0
007 ta
008 220923b |||||||| |||| 00| 0 eng d
037 _cGeneral Book
040 _aRTL
_cRTL
_beng
041 _2eng
_aeng
082 _aXogD2.231.N5t4, H8;1
100 _aGadgil D R
245 0 _aEconomic effects of irrigation
_b Report of a survey
260 _c1948
490 _aGokhale Institute of Politics and Economics 17
650 _aEconomic I RT irrgation
_9341856
942 _hXogD2.231.N5t4, H8;1
_cGB
_2CC
999 _c661369
_d661369